A aventura dos números (Registo nº 4448)

Detalhes MARC
000 -Etiqueta do registo
Cabeçalho 00685cam a2200265 4500
005 - Identificador da versão
Campo de controlo 20240813122101.0
010 ## - Número internacional normalizado dos livros (ISBN)
Número (ISBN) 9727669549
Modalidade de aquisição e/ou preço ? 13.32
021 ## - Número do Depósito Legal
Código do país PT
Número 228968/05
035 ## - Other System Control Numbers
System Control Number cmar006.iso/24-10-2011/2733
System Control Number 0020940
System Control Number 2394520
100 ## - Dados gerais de processamento
Dados gerais de processamento 20090907d2005 b y0pory5003 ba
102 ## - Pais de publicação ou produção
País de publicação Portugal
101 0# - Língua de publicação
Língua do texto, banda sonora, etc. Português
215 ## - Descrição física 
Indicação específica da natureza do documento e extensão da espécie 56 p.
Outras indicações físicas il.
200 1# - Titulo e menção de responsabilidade
Título próprio A aventura dos números
Primeira menção de responsabilidade Isabel Lamas
Outras menções de responsabilidade il. Joan Gómez
210 ## - Publicação, Distribuição, etc. 
Lugar da edição, distribuição, etc. Sintra
Nome do editor, distribuidor, etc. Impala
Data da publicação, distribuição, etc. 2005
675 ## - Classificação Decimal Universal (CDU)
Notação 82-93
Edição BN
Língua da edição por
702 #1 - Nome de autor-pessoa física (responsabilidade secundária)
Número de registo de entrada de autoridade 0001291
Palavra de ordem Gómez
Outra parte do nome não tomada para palavra de ordem Joan
Código de função Ilustrador / Técnico de desenho computorizado
700 #1 - Nome de autor-pessoa física (responsabilidade principal)
Número de registo de entrada de autoridade 0001290
Palavra de ordem Lamas
Outra parte do nome não tomada para palavra de ordem Isabel
966 ## - Identificação da Biblioteca
Sigla EBVendas
942 ## - Elementos de entrada adicionados (Koha)
Tipo de item no Koha Livro
Exemplares
Situação do levantamento Origin of item (home branch) (coded) Biblioteca de empréstimo Código de barras Cota Circulation type (not for loan) Tipo de documento Nota do exemplar Damaged status
  Biblioteca Escolar das Vendas Biblioteca Escolar das Vendas BEV2129 | 2005 8POR LAM   Livro Sem mensagem